<?xml version="1.0" encoding="UTF-8"?><?xml-stylesheet type="text/xsl" href="static/style.xsl"?><OAI-PMH xmlns="http://www.openarchives.org/OAI/2.0/" xmlns:xsi="http://www.w3.org/2001/XMLSchema-instance" xsi:schemaLocation="http://www.openarchives.org/OAI/2.0/ http://www.openarchives.org/OAI/2.0/OAI-PMH.xsd"><responseDate>2026-06-05T21:44:22Z</responseDate><request verb="GetRecord" identifier="oai:riuma.uma.es:10630/26322" metadataPrefix="marc">https://riuma.uma.es/rest/oai/request</request><GetRecord><record><header><identifier>oai:riuma.uma.es:10630/26322</identifier><datestamp>2026-02-03T11:00:52Z</datestamp><setSpec>com_10630_2254</setSpec><setSpec>col_10630_37953</setSpec></header><metadata><record xmlns="http://www.loc.gov/MARC21/slim" xmlns:dcterms="http://purl.org/dc/terms/" xmlns:doc="http://www.lyncode.com/xoai" xmlns:xsi="http://www.w3.org/2001/XMLSchema-instance" xsi:schemaLocation="http://www.loc.gov/MARC21/slim http://www.loc.gov/standards/marcxml/schema/MARC21slim.xsd">
   <leader>00925njm 22002777a 4500</leader>
   <datafield ind2=" " ind1=" " tag="042">
      <subfield code="a">dc</subfield>
   </datafield>
   <datafield ind2=" " ind1=" " tag="720">
      <subfield code="a">Olea-Andrades, Benjamín</subfield>
      <subfield code="e">author</subfield>
   </datafield>
   <datafield ind2=" " ind1=" " tag="720">
      <subfield code="a">Palomo-Ruiz, Francisco José</subfield>
      <subfield code="e">author</subfield>
   </datafield>
   <datafield ind2=" " ind1=" " tag="260">
      <subfield code="c">2022-12-19</subfield>
   </datafield>
   <datafield ind2=" " ind1=" " tag="520">
      <subfield code="a">We say that a Lorentzian metric and a semi-Riemannian metric on the same manifold M are null-projectively related if every null geodesic of the Lorentzian metric is an unparametrized geodesic of the semi-Riemannian one. This definition includes the case of conformally related Lorentzian metrics and the case of projectively equivalent metrics. We characterize the null-projectively relation by means of certain tensor and provide some examples. Then, we focus on the special case in which both metrics share parametrized null geodesics. In this case, it is said that they are null related. We show how to construct projectively equivalent metrics via a conformal transformation from null-related ones and conversely. The classical Levi-Civita theorem on projectively equivalent metrics is adapted to the case of null-related metrics and some results ensuring that two null-related metric are affinely equivalent are proven under curvature conditions.</subfield>
   </datafield>
   <datafield ind1="8" ind2=" " tag="024">
      <subfield code="a">Olea, B., &amp; Palomo, F. J. (2023). Lorentzian Metrics Null-Projectively Related to Semi-Riemannian Metrics. The Journal of Geometric Analysis, 33(2), 71.</subfield>
   </datafield>
   <datafield ind1="8" ind2=" " tag="024">
      <subfield code="a">https://hdl.handle.net/10630/26322</subfield>
   </datafield>
   <datafield ind1="8" ind2=" " tag="024">
      <subfield code="a">https://doi.org/10.1007/s12220-022-01126-4</subfield>
   </datafield>
   <datafield tag="653" ind2=" " ind1=" ">
      <subfield code="a">Riemann, Variedades de</subfield>
   </datafield>
   <datafield tag="653" ind2=" " ind1=" ">
      <subfield code="a">Matemáticas</subfield>
   </datafield>
   <datafield tag="653" ind2=" " ind1=" ">
      <subfield code="a">Medición</subfield>
   </datafield>
   <datafield tag="653" ind2=" " ind1=" ">
      <subfield code="a">Geometría diferencial</subfield>
   </datafield>
   <datafield ind2="0" ind1="0" tag="245">
      <subfield code="a">Lorentzian Metrics Null-Projectively Related to Semi-Riemannian Metrics</subfield>
   </datafield>
</record>
</metadata></record></GetRecord></OAI-PMH>